书目信息 |
| 题名: |
钢筋工由新手变高手
|
|
| 作者: | 郭琦 主编 | |
| 分册: | ||
| 出版信息: | 北京 金盾出版社 2015.01 |
|
| 页数: | 221页 | |
| 开本: | 17cm | |
| 丛书名: | ||
| 单 册: | ||
| 中图分类: | TU755.3 | |
| 科图分类: | ||
| 主题词: | 建筑工程--jian zhu gong cheng--钢筋--工程施工--基本知识 | |
| 电子资源: | ||
| ISBN: | 978-7-5082-9177-2 | |
| 000 | 01075nam0 2200265 450 | |
| 001 | CAL 012015070554 | |
| 005 | 20150822133251.06 | |
| 010 | @a978-7-5082-9177-2@dCNY20.00 | |
| 100 | @a20150605d2015 em y0chiy50 ea | |
| 101 | 0 | @achi |
| 102 | @aCN@b110000 | |
| 105 | @aa a 000yy | |
| 106 | @ar | |
| 200 | 1 | @a钢筋工由新手变高手@Agang jin gong you xin shou bian gao shou@f郭琦主编 |
| 210 | @a北京@c金盾出版社@d2015.01 | |
| 215 | @a221页@c图@d17cm | |
| 300 | @a依据国家人力资源和社会保障部《钢筋工国家职业标准》和《混凝土结构工程施工质量验收规范》编写 | |
| 320 | @a有书目 | |
| 330 | @a本书介绍了钢筋工必备的理论知识和操作技能, “理论知识”的内容包括: 房屋的建筑构造, 常用钢筋材料, 钢筋工常用工具等 ; “操作技能”的内容包括: 钢筋的配料与代换, 钢筋的加工技术, 钢筋的连接技术, 钢筋的安装施工技术, 预应力钢筋工程施工技术, 钢筋工程施工安全技术等。 | |
| 586 | @a | |
| 606 | 0 | @a建筑工程@Ajian zhu gong cheng@x钢筋@x工程施工@x基本知识 |
| 690 | @aTU755.3@v5 | |
| 701 | 0 | @a郭琦@Aguo qi@4主编 |
| 801 | 0 | @aCN@c20150820 |
| 905 | @a河南城建学院图书馆@dTU755.3@eG823@f3 | |
| 钢筋工由新手变高手/郭琦主编.-北京:金盾出版社,2015.01 |
| 221页:图;17cm |
| 依据国家人力资源和社会保障部《钢筋工国家职业标准》和《混凝土结构工程施工质量验收规范》编写 |
| ISBN 978-7-5082-9177-2:CNY20.00 |
| 本书介绍了钢筋工必备的理论知识和操作技能, “理论知识”的内容包括: 房屋的建筑构造, 常用钢筋材料, 钢筋工常用工具等 ; “操作技能”的内容包括: 钢筋的配料与代换, 钢筋的加工技术, 钢筋的连接技术, 钢筋的安装施工技术, 预应力钢筋工程施工技术, 钢筋工程施工安全技术等。 |
| ● |
| 相关链接 |
|
|
|
正题名:钢筋工由新手变高手
索取号:TU755.3/G823
 
预约/预借
| 序号 | 登录号 | 条形码 | 馆藏地/架位号 | 状态 | 备注 |
| 1 | 1168263 | 211682632 | 建筑库201/201建筑库 42排6列4层/ [索取号:TU755.3/G823] | 在馆 | |
| 2 | 1168264 | 211682641 | 建筑库201/201建筑库 42排6列4层/ [索取号:TU755.3/G823] | 在馆 | |
| 3 | 1168265 | 211682650 | 建筑库201/201建筑库 42排6列4层/ [索取号:TU755.3/G823] | 在馆 |